000 00356 a2200157 4500
001 74143
020 _a
040 _cAnchieta - Colégio São Paulo
100 _aParanhos, Maria da Conceição
240 1 0 _aAs esporas do tempo
_lpor
245 1 0 _aAs esporas do tempo
300 _a134
362 0 _a1996
650 4 _aPoesia brasileira
942 _cBK
999 _c74143
_d74143